LEADER 04033nam0 2200613 i 450 001 BVEE011937 005 20170908093156.0 012 $a1576 5106 o-a. GaId (3) 1546 (A)$2fei 100 $a20121130d1546 ||||0itac50 ba 101 | $alat 102 $afr 181 1$6z01$ai $bxxxe 182 1$6z01$an 200 1 $a˜Baptistae Mantuani carmelitae theologi œAdolescentia, seu Bucolica, Iodoci Badii commentariis illustrata. Cum indice locupletissimo 210 $aLugduni$csub scuto Coloniensi [Jean <2.> & Francois Frellon]$d1546$eLugduni$gexcudebant Ioannes & Franciscus Frellonii fratres$h1546 215 $a\16!, 165, \3! p.$d8º 300 $aMarca (S193) sul front 300 $aAltra emissione reca sul frontespizio la sottoscrizione e la marca di Antoine Vincent, Lione 300 $aCors. ; gr. ; rom 300 $aSegn.: \ast!⁸ a-k⁸ l⁴ 300 $aBianca l'ultima c 300 $aIniziale xil. 316 $a1 v. - Timbro della Biblioteca di Giulio e Scipione Capone sul frontespizio.$5IT-AV0007, SEZ. RARI A 120 316 $a1 v. (Timbro rosso RB sul front.)$5IT-NA0079, V.F. XXVII* A 55 317 $aProvenienza: *Biblioteca di Giulio e Scipione Capone. $5IT-AV0007 SEZ. RARI A 120 500 10$aAdolescentia seu Bucolica, aureum contra impudice scribentes opusculum$3BVEE011938$9SBLV276676$91479324 620 $dLione$3RLZL001494 700 1$aSpagnoli$b, Giovanni Battista$3SBLV276676$4070$0476291 702 1$aBade$b, Josse$f <1462-1536>$3BVEV011645 712 02$aFrellon, Jean$c <2.> & Frellon, François$3BVEV020856$4650 712 02$aBiblioteca di Giulio e Scipione Capone$3NAPP000884$4320$5IT-AV0007 SEZ. RARI A 120 790 1$aBadius$b, Jodocus$3BVEV011650$zBade, Josse <1462-1536> 790 0$aAscensius$3BVEV048465$zBade, Josse <1462-1536> 790 1$aBadius$b, Ascensius$f <1462-1536>$3CFIV258259$zBade, Josse <1462-1536> 790 0$aBaptista : Mantuanus$3BVEV041373$zSpagnoli, Giovanni Battista 790 0$aCarmelita$3BVEV041374$zSpagnoli, Giovanni Battista 790 0$aIoannes Baptista : Mantuanus$3BVEV120040$zSpagnoli, Giovanni Battista 790 1$aSpagnoli$b, Battista$3CFIV260437$zSpagnoli, Giovanni Battista 790 1$aSpagnoli Mantovano$b, Battista$3CFIV263774$zSpagnoli, Giovanni Battista 790 0$aBattista : Mantovano$3SBLV238309$zSpagnoli, Giovanni Battista 790 1$aMantuanus$b, Baptista$3SBLV276677$zSpagnoli, Giovanni Battista 791 02$aFrellon, François & Frellon, Jean$d <2.>$3BVEV021423$zFrellon, Jean <2.> & Frellon, François 791 02$a˜sub œscuto Coloniensi$3BVEV035704$zFrellon, Jean <2.> & Frellon, François 801 3$aIT$bIT-NA0079$c20121130 850 $aIT-AV0007$aIT-NA0079 899 1$aBiblioteca Nazionale Vittorio Emanuele III$bNA0079$41 esemplare$eS$uhttp://books.google.com/books?vid=IBNN:BNVA1001527800 912 $aBVEE011937 921 $aBVEM000587$bGranchio trattiene una farfalla con le chele. In cornice. Motto: Matura.$cS193$dSul front. 950 0$aBiblioteca provinciale Scipione e Giulio Capone$bun esemplare$d AVSEZ. RARI A 120$e AVDAA0000143615 C 1 v. - Timbro della Biblioteca di Giulio e Scipione Capone sul frontespizio.$fZ $h20121130$i20121130$lTimbro della Biblioteca di Giulio e Scipione Capone sul frontespizio$mTimbri di enti laici e persone 950 0$aBiblioteca Nazionale Vittorio Emanuele III$c1 v.$d BNV.F. XXVII* A 55$e BNVA10015278005G B 1 v. (Timbro rosso RB sul front.)$fC $h20131211$i20131211$lTimbro rosso RB sul front.$mTimbri storici della biblioteca proprietaria 956 $aBiblioteca Nazionale Vittorio Emanuele III$b1$c $d $eBNVA1001527800$uhttp://books.google.com/books?vid=IBNN:BNVA1001527800$z BNV.F. XXVII* A 55 977 $a AV$a BN 996 $aAdolescentia seu Bucolica, aureum contra impudice scribentes opusculum$91479324 997 $aUNISANNIO LEADER 05937nam 22007571c 450 001 9910156242503321 005 20200115203623.0 010 $a9780567675590 010 $a0567675599 010 $a9780567683878 010 $a0567683877 010 $a9780567672834 010 $a0567672832 024 7 $a10.5040/9780567672834 035 $a(CKB)3710000000984149 035 $a(MiAaPQ)EBC4773827 035 $a967261017 035 $a(UtOrBLW)bpp09260622 035 $a(UtOrBLW)BP9780567672834BC 035 $a(Perlego)804411 035 $a(EXLCZ)993710000000984149 100 $a20170524d2017 uy 0 101 0 $aeng 135 $aurcnu|||||||| 181 $2rdacontent 182 $2rdamedia 183 $2rdacarrier 200 04$aThe Land of Canaan in the late Bronze Age$fedited by Lester L. Grabbe 210 1$aLondon $aNew York $cBloomsbury T&T Clark, an imprint of Bloomsbury Publishing Plc $d2017. 215 $a1 online resource (249 pages) 225 0 $aEuropean seminar in historical methodology $v10 225 0 $aThe library of Hebrew Bible/Old Testament studies $v636 300 $aIncludes papers from the meeting of the European Seminar in Historical Methodology, held in Tartu, Estonia, in July 2010 311 08$a9780567672827 311 08$a0567672824 311 08$a9780567672810 311 08$a0567672816 320 $aIncludes bibliographical references 327 $aPART ONE: INTRODUCTION AND BACKGROUND -- Introduction / Lester L. Grabbe -- The Late Bronze Age : If We Had Only the Bible ... / Lester L. Grabbe -- PART TWO: ARTICLES -- Canaan in the Transition from the Late Bronze to the Early Iron Age from an Egyptian Perspective / Meindert Dijkstra -- Canaan under the Rule of the Egyptian New Kingdom : From the Hyksos to the Sea Peoples / Lester L. Grabbe -- Poor by Necessity or by Choice? : Ancient Israelite Egalitarianism / Philippe Guillaume -- Land Tenure, Ideology, and the Emergence of Ancient Israel : A Conversation with Philippe Guillaume / Raz Kletter -- The Impact of the Late Bronze III Period on the Origins of Israel / Ernst Axel Knauf -- International Diplomacy in the Amarna Age / Andrew D.H. Mayes -- The Amarna Letters and Palestinian Politics / Niels Peter Lemche -- The Archaeology of the Late Bronze Age in Palestine / Eveline Van Der Steen -- PART THREE: CONCLUSION -- Reflections on the Discussion / Lester L. Grabbe 327 $aPreface -- Acknowledgements -- Contributors -- Part One: Introduction and Background -- 1. Introduction - Lester L. Grabbe, University of Hull, UK -- 2. The Late Bronze Age: If We Had Only the Bible - Lester L. Grabbe, University of Hull, UK -- Part Two: Articles -- 3. Canaan in the Transition from the Late Bronze to the Early Iron Age from an Egyptian Perspective - Meindert Dijkstra, University of Utrecht, Netherlands -- 4. Canaan under the Rule of the Egyptian New Kingdom: From the Hyksos to the Sea Peoples - Lester L. Grabbe, University of Hull, UK -- 5. Poor by Necessity or by Choice? Ancient Israelite Egalitarianism - Philippe Guillaume, University of Bern, Switzerland -- 6. Land Tenure, Ideology, and the Emergence of Ancient Israel: A Conversation with Philippe Guillaume - Raz Kletter, University of Helsinki in Tallinn, Estonia -- 7. The Impact of the Late Bronze III Period on the Origins of Israel - Ernst Axel Knauf, University of Bern, Switzerland -- 8. International Diplomacy in the Amarna Age - Andrew D.H. Mayes, Trinity College Dublin, Ireland -- 9. The Amarna Letters and Palestinian Politics - Neils Peter Lemche, University of Copenhagen, Denmark -- 10. The Archaeology of the Late Bronze Age in Palestine - Eveline van der Steen, University of Liverpool, UK -- Part Three: Conclusion -- 11. Conclusion - Lester L. Grabbe, University of Hull, UK 330 2 $a"Contributions examine all the key aspects of the Late Bronze Age as relevant to Biblical history."--Provided by publisher 330 8 $aThis volume provides a series of contributions on the crucial aspects relating to the Bible and the Late Bronze Age period. The volume is introduced with a background essay surveying the main areas of history and current scholarship relating to Late Bronze Age Palestine and to the Egyptian New Kingdom (Dynasties 18-20) domination of the region, as well as the question of the biblical account of the same geographical area and historical period. Specific chapters address a range of key concerns: the history of Egypt's dealing with Canaan is surveyed in chapters by Grabbe and Dijkstra. The Amarna texts are also dealt with by Lemche, Mayes and Grabbe. The archaeology is surveyed by van der Steen. The Merenptah Stela mentioning Israel is of considerable interest and is discussed especially by Dijkstra. This leads on to the burning question of the origins of Israel which several of the contributors address. Another issue is whether the first Israelite communities practised egalitarianism, an issue taken up by Guillaume, with a response by Kletter 410 0$aLibrary of Hebrew Bible/Old Testament studies ;$v636. 410 0$aEuropean seminar in historical methodology ;$v10. 606 $aBronze age$zIsrael$vCongresses 606 $2Ancient / Biblical Israel 606 $aBronze age$zPalestine$vCongresses 606 $aBronze age$zEgypt$vCongresses 606 $aIsrael$xAntiquities$vCongresses 606 $aPalestine$xAntiquities$vCongresses 606 $aEgypt$xAntiquities$vCongresses 615 0$aBronze age 615 0$aBronze age 615 0$aBronze age 615 0$aIsrael$xAntiquities 615 0$aPalestine$xAntiquities 615 0$aEgypt$xAntiquities 676 $a933/.4 702 $aGrabbe$b Lester L. 801 0$bUtOrBLW 801 1$bUtOrBLW 801 2$bUkLoBP 906 $aBOOK 912 $a9910156242503321 996 $aThe Land of Canaan in the late Bronze Age$92670338 997 $aUNINA